| 000 | 004690000a22001570004500 | ||
|---|---|---|---|
| 041 | 0 | _aSPA | |
| 082 | 0 | 4 | _aG 891.73 D7248c |
| 100 | 1 | _aDostoievski, Fedor (1821-1881) | |
| 245 | 1 | 0 | _aCrimen y castigo / Fedor Dostoievski ; Augusto Vidal, Traductor |
| 260 | _aBogotá, Colombia : Oveja Negra | ||
| 300 | _a576 Pag | ||
| 440 | 0 | _aColección Historia Universal de la Literatura | |
| 500 | _aTítulo original : Prestupleinie i nakazainie | ||
| 001 | 13090 | ||
| 942 | _cBK | ||
| 999 |
_c42083 _d42083 |
||